| 000 | 01100nam a2200277Ia 4500 | ||
|---|---|---|---|
| 003 | OSt | ||
| 005 | 20221005110313.0 | ||
| 006 | a|||||r|||| 00| 0 | ||
| 007 | ta | ||
| 008 | 221004b |||||||| |||| 00| 0 hin d | ||
| 020 |
_a9789383513017 (hbk) _c550 |
||
| 024 | _a26027 | ||
| 037 |
_b20, 17/03/2016, P. K. Books _cTextual |
||
| 040 |
_aCRL _cCRL _bhin |
||
| 041 |
_2hin _ahin |
||
| 082 | _aO152,6N41x, Q5 | ||
| 100 | _aपाण्डेय, मैनेजर | ||
| 245 | 0 | _aसाहित्य और दलित दृष्टि | |
| 246 | _aSāhitya aur dalit dṛuṣhṭi | ||
| 260 |
_aनई दिल्ली _bस्वराज प्रकाशन भारत _c2015 |
||
| 300 |
_a192पृ0 _ccm. |
||
| 650 | _aहिन्दी साहित्य | ||
| 700 | _a मौर्य, सर्वेश कुमार, संपा. | ||
| 942 |
_hO152,6N41x, Q5 _cTEXL _2cc |
||
| 999 |
_c1018400 _d1018400 |
||